000 01123nam a22003377a 4500
003 CHAP
005 20220329134040.0
008 971013s1968 r 00010 d
010 _a14649
011 _a15621
035 _a19697
040 _cCHAP
090 _aTesis
100 0 0 _aHernández Rosano, Camilo.
_954568
245 _aPlaneación del riego en el ejido de San Bernardino, Texcoco, Estado de México.
260 _aChapingo, Méx. :
_bEl Autor,
_c1968
300 _a107 p.
_b: ilus.
500 _arep. (D) Ing. Leos)
502 _aTesis (Ing. Agrónomo Esp. en Irrigación) -- ENA. Depto. de Irrigación
590 _aALEPH
_b10
_c20130110
_lUCH01
_h1236
590 _aBATCH-UPD
_b10
_c20130110
_lUCH01
_h1155
590 _aBATCH-UPD
_b10
_c20130410
_lUCH01
_h0738
590 _aBATCH-UPD
_b10
_c20130914
_lUCH01
_h1253
590 _aCONVERSION
_b10
_c20130109
_lUCH01
_h1309
650 1 4 _aEjidos
_xMéxico (Edo.)
_936020
650 1 4 _aIrrigación
_xMéxico (Edo.)
_960434
901 _aBK
942 _cFOLL
949 _bBC
_cTES
_d-45950
_eTS1
_i19697
_si
949 _bBC
_cTES
_d-45952
_eTS2
_fc.2
_h17429
_i19697
_si
999 _c14649
_d14649